| 000 | 01119nam a22003257a 4500 | ||
|---|---|---|---|
| 005 | 20170130113435.0 | ||
| 008 | 170130b xxu||||| |||| 00| 0 spa d | ||
| 020 | _a9789587242423 | ||
| 040 |
_aCO-BoIAVH _cCO-BoIAVH |
||
| 041 | _aspa | ||
| 044 | _ack | ||
| 090 |
_aI-H _b01 |
||
| 100 | 1 | _aRomán, Celso | |
| 245 | 1 |
_aMitoamérica: _bel llamado de las voces de nuestro pasado |
|
| 260 |
_aBogotá: _bLibros y libros SA, _c2012. |
||
| 300 | _a111 paginas. | ||
| 505 | _aEl inicio de un viaje mágico | ||
| 505 | _aCapitulo 1. Cultura Sioux (Estados Unidos) | ||
| 505 | _aCapitulo 2. Cultura Quiché Maya (Guatemala) | ||
| 505 | _aCapitulo 3. Cultura Muisca (Colombia) | ||
| 505 | _aCapitulo 4. Cultura Inca(Peru) | ||
| 505 | _aCapitulo 5. Cultura Mapuche (Chile) | ||
| 505 | _aCapitulo 6. Cultura Guaraní (Argentina, Uruguay, Paraguay) | ||
| 650 | 1 | 4 | _aContinente Americano |
| 650 | 1 | 4 | _aRiqueza cultural |
| 650 | 1 | 4 | _aAncestros |
| 700 |
_aSuárez, Luis Enrique _eIlustrador |
||
| 700 |
_aBuriticá Ariza, Rosa Adriana _eeditora |
||
| 942 |
_2z _cLIBRO |
||
| 999 |
_c19249 _d19249 |
||